Statistics for Countries Bordering Serbia - Map Quiz

Click here to take the quiz!

General Stats

  • This quiz has been taken 517 times
  • The average score is 7 of 8

Answers on the Map

Answers color-coded by a green-red scale on the quiz's map according to % correct below.
 

Answer Stats

Answer% Correct
Bulgaria
92%
Romania
92%
Croatia
91%
Hungary
91%
Bosnia and Herzegovina
89%
Macedonia
89%
Montenegro
89%
Albania
85%

Score Distribution

Percentile by Number Answered

Percent of People with Each Score

Your Score History

You have not taken this quiz